000 00627nam a2200181Ia 4500
008 151202s9999||||xx |||||||||||||| ||und||
082 _bPNVM-45626
100 _aबर्वे राजेंद्र.
245 _aचुकण्यापूर्वी.
260 _b"मनोविकास प्रकाशन,मुंबई."
260 _c2003
300 _a56
600 _aबर्वे राजेंद्र.
630 _aचुकण्यापूर्वी.
700 _aबर्वे राजेंद्र.
730 _aचुकण्यापूर्वी.
942 _cBOOK
999 _c1311577
_d1311574